000 00903cam a2200241 4500
001 ABS64813
008 011121n2001 000 0 eng u
035 _a(Sirsi) u115672
100 _aWhitby, K.
245 _aLegal actions by a tenant against owner or agent for safety defects
260 _c2001
490 _aREIV
_v65(5) October 2001, 12-13(2)
520 _aArticle examines the issue of when a property owner and/or the agent managing the property could be liable to tenants for personal injuries caused to the tenant as a result of building defects in the rented property. Discusses various case law including "Northern Sandblasting Pty Ltd v Harris" (1997)
590 _aABS
650 _aBUILDING DEFECTS
650 _aMANAGING AGENTS
650 _aTENANTS
650 _aNEGLIGENCE
650 _aLIABILITY
650 _aCASE LAW
690 _aDilapidations
_96235
942 _n0
999 _c68892
_d68892